000 00401nam a2200157Ia 4500
008 230524s9999 xx 000 0 und d
082 _a628
_bSIN
100 _aSavindra Singh
_924021
245 0 _aEnvironmental Geography
250 _a1ST
260 _aNEW DELHI
_bPrayag Pustak Bhawan
_c1991
300 _aviii;517
500 _aQuantity Number: 1
650 _aMiscellaneous
_91877
942 _cBK
999 _c35567
_d35567